Music Quiz

Random Music or Bands Quiz
Score 0/18 Timer 10:00
2 Plays Today
% Correct
U2
87.2%
Green Day
86.4%
AC/DC
86%
Red Hot Chili Peppers
81.3%
Nirvana
78.9%
The Police
59.2%
Van Halen
57.3%
Aerosmith
44.5%
Eurythmics
41.9%
% Correct
Fall Out Boy
41.3%
Coldplay
39.9%
Carpenters
29.9%
Creedence Clearwater Revival
29.4%
Madness
27.5%
The Jam
18.6%
Pet Shop Boys
17.5%
INXS
16.3%
Joy Division
15.3%
Remove Ads.
Support Sporcle.
Get the best of Sporcle when you Go Orange. This ad-free experience offers more features, more stats, and more fun while also helping to support Sporcle. Thank you for becoming a member.

You're not logged in!

Compare scores with friends on all Sporcle quizzes.
OR
Log In

Show Comments

Extras

Top Quizzes Today


Score Distribution

Your Account Isn't Verified!

In order to create a playlist on Sporcle, you need to verify the email address you used during registration. Go to your Sporcle Settings to finish the process.

Report this User

Report this user for behavior that violates our Community Guidelines.

Details: